Cuentos y fábulas del Antiguo Egipto

Saved in:
Bibliografiske detaljer
Hovedforfatter: López, Jesús (autor)
Format: Bog
Sprog:spansk
Udgivet: Barcelona Trotta 2005
Barcelona Publicacions i Edicions de la Universitat de Barcelona 2005
Serier:Pliegos de Oriente. Serie Próximo Oriente, 9
Fag:
Tags: Tilføj Tag
Ingen Tags, Vær først til at tagge denne postø!

MARC

LEADER 00000cam a2200000 a 4500
001 UCF7945
003 CL-VaPUC
008 130711e20050000SP |||||||||||||||||spa|d
020 |a 8481647365 
082 0 4 |a 704.948  |b LOP  |2 21 
100 |a López, Jesús  |e autor  |9 570037 
245 1 0 |a Cuentos y fábulas del Antiguo Egipto 
300 |a 257 p 
942 |c BK 
945 |d 20130711 00:00:00  |a dcastane 
260 |a Barcelona  |b Trotta  |c 2005 
260 |a Barcelona  |b Publicacions i Edicions de la Universitat de Barcelona  |c 2005 
650 7 |a MITOLOGIA EGIPCIA  |2 CL-VaPUC  |9 413070 
650 7 |a MITOLOGIA ANTIGUA  |2 CL-VaPUC  |9 554940 
650 0 |a Arte egipcio  |9 268997 
650 0 |a Arte antiguo  |9 330766 
583 |a last modification  |c 20130711 11:26:00  |k Rodrigo Vera 
490 0 |a Pliegos de Oriente. Serie Próximo Oriente, 9 
999 |c 352662  |d 352660 
952 |0 0  |1 0  |4 0  |6 704_948000000000000_LOP_2005_2005  |7 0  |8 A  |9 457266  |a BIBGIM  |b BIBGIM  |d 2019-11-22  |i 4983475  |l 1  |o 704.948 LOP 2005 2005  |p 4983475  |r 2025-01-15  |s 2022-09-07  |w 2019-11-22  |y BK  |k ARA